Statistics for Guess the State by its Cities!

Click here to take the quiz!

General Stats

  • This quiz has been taken 1,319 times
    (1,318 since last reset)
  • The average score is 27 of 50

Answer Stats

Cities State % Correct
Barstow, Glendale, FresnoCalifornia
85%
Los Alamos, Roswell, CarlsbadNew Mexico
85%
Enterprise, Selma, MobileAlabama
84%
Prescott, Winslow, FlagstaffArizona
83%
Henderson, McDermitt, RenoNevada
83%
Staunton, Chesapeake, RoanokeVirginia
78%
Carlisle, Altoona, HersheyPennsylvania
72%
Moab, Kanab, ProvoUtah
71%
Cranston, Newport, PawtucketRhode Island
69%
McAllen, Midland, OdessaTexas
69%
St. Cloud, Mankato, DuluthMinnesota
65%
Marathon, Bradenton, GainesvilleFlorida
64%
Lafayette, Lake Charles, MonroeLouisiana
64%
Eugene, Coos Bay, The DallesOregon
63%
Pearl City, Hilo, Captain CookHawaii
60%
Effingham, Metropolis, PeoriaIllinois
60%
Everett, Bremerton, YakimaWashington
60%
Marquette, Saginaw, CheboyganMichigan
60%
Ludlow, St. Johnsbury, BurlingtonVermont
58%
Albemarle, Mount Airy, AshevilleNorth Carolina
56%
Polson, Bozeman, Great FallsMontana
55%
Cambridge, Chillicothe, CantonOhio
55%
Salem, Great Barrington, ChicopeeMassachusetts
55%
Cape Girardeau, Rolla, JoplinMissouri
54%
Homer, Skagway, WasillaAlaska
54%
Harrison, Hot Springs, Pine BluffArkansas
54%
Montrose, Golden, Fort CollinsColorado
52%
Menomonie, Wausau, RacineWisconsin
51%
Hanover, Brattleboro, NashuaNew Hampshire
50%
Beckley, Morgantown, WheelingWest Virginia
50%
Elkhart, Muncie, VincennesIndiana
50%
Redfield, Buffalo, Rapid CitySouth Dakota
49%
Cedar Falls, Ottumwa, KeokukIowa
49%
Olathe, Coffeyville, Dodge CityKansas
49%
Laurel, Wilmington, New CastleDelaware
49%
New Milford, Torrington, StamfordConnecticut
48%
Oswego, Newburgh, CooperstownNew York
46%
Worland, Rock Springs, CodyWyoming
45%
Oxford, Starkville, NatchezMississippi
42%
Bucksport, Presque Isle, KitteryMaine
41%
Bartlesville, Enid, StillwaterOklahoma
41%
Crisfield, Salisbury, HagerstownMaryland
40%
Dalton, Albany, ValdostaGeorgia
39%
Paterson, Plainfield, Perth AmboyNew Jersey
39%
Devil's Lake, Ft. Yates, MinotNorth Dakota
38%
Ashland, Elizabethtown, PaducahKentucky
37%
Dyersburg, Gallatin, Oak RidgeTennessee
35%
Preston, Blackfoot, KetchumIdaho
32%
Rock Hill, Florence, DarlingtonSouth Carolina
29%
Ogallala, Kearney, Grand IslandNebraska
29%

Score Distribution

Percentile by Number Answered

Percent of People with Each Score

Your Score History

You have not taken this quiz since the last reset